| 000 | 00867nam a2200265Ia 4500 | ||
|---|---|---|---|
| 003 | GCL | ||
| 008 | 140319s9999 xx 000 0 ara d | ||
| 040 |
_aGCL / _cGCL |
||
| 082 | 0 | 4 |
_a153.35 _bص ت |
| 100 | 1 | _aصلاح الدين العمريه | |
| 245 | 1 | 0 |
_aالتفكير الابداعى / _cصلاح الدين العمريه |
| 250 | _aالاولى | ||
| 260 |
_aالاردن : _bمكتبة المجتمع العربى للنشر والتوزيع ، _c2005 |
||
| 300 |
_a296 ص ؛ _c24 سم |
||
| 650 | 0 | 4 | _aالتفكير |
| 650 | 0 | 4 | _aالموهبة |
| 650 | 0 | 4 | _aالابداع الادبى والفنى |
| 650 | 0 | 4 | _aالقدرة الخلاقة |
| 650 | 0 | 4 | _aالابتكار |
| 650 | 0 | 4 | _aالتخيل الابداعى |
| 650 | 0 | 4 | _aالالهام |
| 650 | 0 | 4 | _aالتفكير المنطقى |
| 650 | 0 | 4 | _aالابداع |
| 942 |
_2ddc _cBK |
||
| 999 |
_c8467 _d8467 |
||